00557nam a2200181Ia 450000500170000000800410001702000230005804000300008104100060011108200130011710000150013024501060014526000300025130000100028149000490029152100130034070000220035320231130152235.0220622s9999 xx 000 0 und d a9780416166323qhbk aLibrary of congressc3228 2E aEJF MILN aMILNE, A.A 3aAn expotition to the north pole./ bA Winnie - the pooh story book;cIllustrated by Ernest H. Shepard aLondon: bGrolier;c1990. c15 cm aA Winnie - the Pooh story bookx978041616323 achildren eShepard, Ernest H